Normal view
MARC view
- Tagore, Rabindranath,
Entry Personal Name
001 - CONTROL NUMBER
- control field: 28165
003 - CONTROL NUMBER IDENTIFIER
- control field: NUST
005 - DATE AND TIME OF LATEST TRANSACTION
- control field: 20200129103822.0
008 - FIXED-LENGTH DATA ELEMENTS
- fixed length control field: 200129|| aca||aabn | a|a d
040 ## - CATALOGING SOURCE
- Original cataloging agency: NUST
- Transcribing agency: NUST
100 ## - HEADING--PERSONAL NAME
- Personal name: Tagore, Rabindranath,
- Dates associated with a name: 1861-1941
670 ## - SOURCE DATA FOUND
- Source citation: Work cat.: (NUST): Tagore, Rabindranath, 1861-1941, Rabindranath Tagore omnibus 1, 2003.
